000 00722nam a2200241Ia 4500
003 OSt
005 20220923223005.0
006 a|||||r|||| 00| 0
007 ta
008 220922b |||||||| |||| 00| 0 hin d
024 _a209,710
037 _cTextual
040 _aARTS
_cARTS
_bhin
041 _2hin
_ahin
082 _aO152,3NGUx, M71
100 _aगुप्त, रमेश
245 0 _aउधार की जिंदगीं
246 _aUdhār kī jiandagīan
260 _aदिल्ली
_b जगतराम एंड सन्स
_c1987
300 _a175पृ.
_ccm.
942 _hO152,3NGUx, M71
_cTEXL
_2CC
999 _c360259
_d360259